| 000 | 02080nam0a2200349 i 4500 | ||
|---|---|---|---|
| 001 | RU\NLR\BIBL_A\010016830 | ||
| 005 | 20260408112155.0 | ||
| 010 |
_a9785912460143 _950 |
||
| 021 |
_aRU _b2013-90432 _96256 |
||
| 035 | _a(NILC)RuMoRGB-006692209 | ||
| 035 | _a(NLR Aleph) 010016830 | ||
| 090 |
_a9881055 _c9881055 |
||
| 100 | _a20131220d2013 km y0rusy50 ca | ||
| 101 | 0 | _arus | |
| 102 | _aRU | ||
| 105 | _ay|||||||||||| | ||
| 200 | 1 |
_aУголовно-исполнительная система сегодня: взаимодействие науки и практики _eматериалы научно-практической конференции, 15-16 ноября 2012 года _f[отв. ред.: А.Г. Антонов] |
|
| 210 |
_aНовокузнецк _cФКОУ ВПО Кузбасский институт ФСИН России _d2013 |
||
| 215 |
_a218, [1] с. _d21 |
||
| 300 | _aВ надзаг.: Федер. казен. образоват. учреждение высш. проф. образования "Кузбас. ин-т Федер. службы исполнения наказаний" | ||
| 320 | _aБиблиогр. в подстроч. примеч. | ||
| 606 | 1 |
_aУголовно-исполнительная система _jСъезды, совещания и т.п. _yРоссийская Федерация _92127798 _3RU\NLR\AUTH\661284113 |
|
| 675 | _a343.8(082) | ||
| 686 | 1 | _aХ628.4я431 | |
| 702 | 1 |
_4070 _7ca _8rus _aАнтонов _bА. Г. _cд-р юрид. наук _gАнтон Геннадьевич _916260 _3RU\NLR\AUTH\7733252 |
|
| 711 | 1 | 2 |
_a"Уголовно-исполнительная система сегодня: взаимодействие науки и практики", научно-практическая конференция _eНовокузнецк _f2012 _9386646 _3RU\NLR\AUTH\880359699 |
| 801 | 0 |
_aRU _bRuMoRKP _c20131107 _gRCR |
|
| 801 | 2 |
_aRU _bРГБ _c20131122 _grcr |
|
| 801 | 1 |
_aRU _bRuMoRKP _c20131107 _2rusmarc |
|
| 942 | _cBOOK | ||
| 980 | _aNBR | ||